| 000 | 00666nam a2200253Ia 4500 | ||
|---|---|---|---|
| 001 | 18596 | ||
| 003 | GE_BSU | ||
| 008 | 181216s||||||||xx |||||||||||||| ||und|| | ||
| 020 | _a9786051801056 | ||
| 040 | _cGE_BSU | ||
| 080 | _a821.512.161-31 | ||
| 100 | _aTURASVILI, DATO. | ||
| 245 | _aGURCU HATUN: Selcuklu Gelini-Mevlana Muridesi | ||
| 245 | _bRoman | ||
| 260 | _aIstanbul | ||
| 260 | _bBaski&cilt | ||
| 260 | _c2015 | ||
| 300 | _a146p;ill;21cm. | ||
| 653 | _aGURCU HATUN | ||
| 653 | _aRoman | ||
| 653 | _aმხატვრული ლიტერატურა. | ||
| 653 | _aრომანი თურქულ ენაზე. | ||
| 942 | _cBK | ||
| 999 |
_c51605 _d51605 |
||